000 00508cas a2200169 4500
022 0 _a0010-5333
082 0 4 _a693.5
_bTRO
245 0 0 _aTroubleshooting concrete construction.
260 _aUK.
_b[Concrete Construction Publications]
300 _a348P.
_billustrations
_c30 cm
526 _a0
_b0
_c0
_d693_500000000000000_TRO
590 _aSERBIB/SERLOC merged record
650 0 _aConcrete construction
650 6 _aConstruction en béton
_xPériodiques.
_945502
650 6 _aMCE
_9379
942 _2ddc
_cBK
999 _c549008
_d549008